00452nam a2200133 a 450000100100000000500170001000800410002704000250006808200140009324500630010726000950017030000200026570000330028500003100920200930062639.0110609s2009 dr 000 0 spa d aDO-SdBNPbspacBNPHU axxxxbI1900aIdeas viales para Santiago /cFrancisco Domínguez Brito. aSantiago, República Dominicana :bOficina Senatorial de la Provincia de Santiago,c2009. a39 p. ;c22 cm.1 aDomínguez Brito, Francisco